000 00674nam a22002051a 4500
001 2017
003 OSt
005 20260204211756.0
008 040123s1999||||ag ||||||b||||||||||spa||
020 _a9505502737
050 _a370. W134t
082 _a370. W134t
100 _aWais de Bagen, Irene
245 _aTemas ambientales de hoy que todo docente debe conocer con integración de contenidos, de ciencias naturales, sociales matemática y lengua / Irene Wais de Bodgen
264 _aArgentina : Magisterio del Río de la Plata
300 _a111 p.
650 _a1.Educación 2.Educación Ambiental
700 _aGestile Georgina II.Thiel, IngeÌ
942 _2ddc
_cBK
999 _c2017
_d2017